00333nam a2200121Ia 4500008004100000041000800041082001600049100002500065245004500090260003800135300003100173365000700204240624s9999 xx 000 0 und d aeng a332.042 ANA aNAGESWARAN V ANANTHA aGLOBAL FINANCIAL MARKETS ISSUES AND PERS c2003aHyderabadbICFAI University axxi, : 152 : p. : cm. ; 23 cRS